| 000 | 00662nam a2200229Ia 4500 | ||
|---|---|---|---|
| 005 | 20230607132810.0 | ||
| 008 | 131103s9999 xx 000 0 und d | ||
| 020 |
_a375755586 _cRs 430.50 |
||
| 040 | _aLoreto College | ||
| 041 | _aEnglish | ||
| 082 |
_a808.3 _bKOC |
||
| 100 | _aKoch, Stephen | ||
| 245 | 4 |
_aThe Modern Library writer's workshop _b A guide to the craft of fiction _cStephen Koch |
|
| 260 |
_aNew York _bThe Modern Library _c2003 |
||
| 300 | _axviii,246p | ||
| 504 | _aIncludes bibliographical references and index | ||
| 630 | _aCraft of Fiction | ||
| 650 | _aFiction Writing | ||
| 651 | _aLiterature | ||
| 850 | _aLCLIB | ||
| 942 | _cBK | ||
| 999 |
_c36071 _d86550 |
||